00634nam a2200217Ia 4500003000900000008004100009040001300050040001300063041000800076100002700084245004000111250000900151260002100160260000900181300000800190490000800198490000700206942000700213999001300220952018300233IT-RoPAU120407s9999 xx 000 0 und d aIT-RoPAU cIT-RoPAU aita aPier Raymond Régamey aNon -violenza e coscienza cristiana aRoma aEdizioni Paoline c1962 c cm aBcr v24 cBK c254d254 00102ddc406208_23240000000000071aPAULUSbPAULUSd2012-04-11l0o208.2324r2012-04-11 00:00:00w2012-04-11yBKzInserito da: In data: n.d. fondo: Via A.Severo 56 Progr:27170